Freguesias de Gondomar - Statistics

Estatísticas Gerais
  • Esse quiz foi jogado 50 vezes
  • A pontuação média é 9 de 12
Estatísticas das Respostas
Número Freguesias % Correto
5 Gondomar (São Cosme)
93%
11 Rio Tinto
93%
3 Fânzeres
89%
10 São Pedro da Cova
85%
4 Foz do Sousa
78%
6 Jovim
78%
1 Baguim do Monte
74%
7 Lomba
74%
8 Medas
74%
9 Melres
74%
12 Valbom
74%
2 Covelo
59%
Nenhum quiz correspondente encontrado
Distribuição das Pontuações
Porcentagem de Pessoas com Cada Pontuação
Percentil de Números Respondidos
Sua Pontuação Histórica
Você não jogou esse quiz